| 000 | 00783cam a22002771 4500 | ||
|---|---|---|---|
| 001 | 6445569 | ||
| 003 | GBCCL | ||
| 005 | 20241126110411.0 | ||
| 008 | 720626s1941 nyu b 000 0 eng | ||
| 010 | _a 41014065 | ||
| 035 | _a(OCoLC)341827 | ||
| 040 |
_aDLC _cOKentU _dPPLT _dDLC |
||
| 042 | _apremarc | ||
| 050 | 0 | 0 |
_aBT708 _b.P5 |
| 082 |
_a261.8357 _bPIP |
||
| 100 | 1 |
_aPiper, Otto A., _d1891- _93909 |
|
| 245 | 1 | 4 | _aThe Christian interpretation of sex. |
| 260 |
_aNew York, _bScribner, _c1941. |
||
| 300 |
_axv, 234 p. _c21 cm. |
||
| 504 | _a"A bibliographical guide to further study": p. [213]-219. | ||
| 650 | 0 |
_aSex. _93896 |
|
| 650 | 0 |
_aSexual ethics. _93910 |
|
| 650 | 0 |
_aMarriage. _92123 |
|
| 906 |
_a7 _bcbc _coclcrpl _du _encip _f19 _gy-gencatlg |
||
| 942 |
_2ddc _cBK _03 |
||
| 999 |
_c1874 _d1874 |
||